[Event "Wattens op 13th"]
[Site "Wattens"]
[Date "1998.??.??"]
[Round "1"]
[White "Martic, Mato"]
[Black "Teske, Henrik"]
[Result "0-1"]
[WhiteElo "1825"]
[BlackElo "2510"]
[PlyCount "79"]
[EventDate "1998.??.??"]
[EventType "swiss"]
[EventRounds "9"]
[EventCountry "AUT"]
[SourceTitle "EXT 2000"]
[Source "ChessBase"]
[SourceDate "1999.11.16"]
[SourceVersion "1"]
[SourceVersionDate "1999.11.16"]
[SourceQuality "1"]

1. e4 c5 2. Nf3 Nc6 3. d4 cxd4 4. Nxd4 e6 5. Nc3 Qc7 6. Be2 a6 7. 0-0 Nf6 8. a3 Bd6 9. h3 Nxd4 10. Qxd4 b5 11. Be3 Bh2+ 12. Kh1 Be5 13. Qd3 Bxc3 14. bxc3 Bb7 15. Bf3 0-0 16. Rfe1 d5 17. exd5 Nxd5 18. Bd4 Rfd8 19. Bxd5 Bxd5 20. Qe3 Qe7 21. Qg3 f6 22. f4 Rac8 23. Re3 Kh8 24. Qh4 Rc4 25. Rae1 Qf8 26. Kh2 h6 27. g4 Qd6 28. Qg3 Kg8 29. h4 Kf7 30. Rf1 Qxa3 31. g5 Qb2 32. gxf6 g5 33. Re2 Qa3 34. fxg5 hxg5 35. Qxg5 Rg8 36. Qh5+ Kf8 37. f7 Qd6+ 38. Re5 Rg2+ 39. Kh3 Rxd4 40. Qh8+ 0-1

[Event "Wattens op 12th"]
[Site "Wattens"]
[Date "1997.??.??"]
[Round "?"]
[White "Martic, Mato"]
[Black "Mueller, Georg"]
[Result "0-1"]
[WhiteElo "1885"]
[BlackElo "2080"]
[PlyCount "132"]
[EventDate "1997.??.??"]
[EventType "swiss"]
[EventRounds "9"]
[EventCountry "AUT"]
[SourceTitle "EXT 2000"]
[Source "ChessBase"]
[SourceDate "1999.11.16"]
[SourceVersion "1"]
[SourceVersionDate "1999.11.16"]
[SourceQuality "1"]

1. e4 e5 2. Nf3 Nc6 3. Bb5 a6 4. Ba4 Nf6 5. 0-0 d6 6. d3 Be7 7. c3 Bg4 8. Bxc6+ bxc6 9. Re1 0-0 10. h3 Bh5 11. Nbd2 Nd7 12. g4 Bg6 13. Nf1 f6 14. Ng3 Bf7 15. Kh2 g6 16. Bh6 Re8 17. Qd2 Kh8 18. Rg1 Rg8 19. h4 Be6 20. Nf5 Bf8 21. Bxf8 gxf5 22. gxf5 Nxf8 23. Qh6 Qe7 24. fxe6 Nxe6 25. h5 Nf4 26. Nh4 Qf7 27. Ng6+ Nxg6 28. hxg6 Rxg6 29. Rxg6 Qxg6 30. Qxg6 hxg6 31. Re1 Kg7 32. Kg2 Kf7 33. f3 Rb8 34. Re2 c5 35. Kg3 Rh8 36. Rd2 Rb8 37. Kg4 Ke6 38. Rh2 c6 39. c4 d5 40. Rc2 dxe4 41. fxe4 Rh8 42. Rc3 Rh2 43. Rb3 f5+ 44. Kg3 Rd2 45. Kf3 f4 46. Ra3 Kf6 47. d4 cxd4 48. Rxa6 Rd3+ 49. Kf2 Rd2+ 50. Kf3 Rxb2 51. Rxc6+ Kf7 52. Rc5 Ke6 53. Rc6+ Kd7 54. Rc5 Kd6 55. Rd5+ Ke6 56. Ra5 Rc2 57. Ra6+ Kf7 58. Ra5 Kf6 59. Ra6+ Kg5 60. Re6 Rc3+ 61. Kf2 Rxc4 62. Rxe5+ Kg4 63. Rd5 Rc2+ 64. Ke1 Kf3 65. Rxd4 Ke3 66. Rd1 Kxe4 0-1

[Event "Wattens op 12th"]
[Site "Wattens"]
[Date "1997.??.??"]
[Round "?"]
[White "Martic, Mato"]
[Black "Riedl, Johannes"]
[Result "0-1"]
[WhiteElo "1885"]
[BlackElo "1685"]
[PlyCount "58"]
[EventDate "1997.??.??"]
[EventType "swiss"]
[EventRounds "9"]
[EventCountry "AUT"]
[SourceTitle "EXT 2000"]
[Source "ChessBase"]
[SourceDate "1999.11.16"]
[SourceVersion "1"]
[SourceVersionDate "1999.11.16"]
[SourceQuality "1"]

1. e4 e6 2. d4 d5 3. Nc3 Bb4 4. a3 Bxc3+ 5. bxc3 dxe4 6. Qg4 Nf6 7. Qxg7 Rg8 8. Qh6 Rg6 9. Qd2 b6 10. h3 Bb7 11. Bb2 e3 12. Qxe3 Bxg2 13. Bxg2 Rxg2 14. c4 Rg6 15. 0-0-0 c6 16. Nf3 Nbd7 17. d5 cxd5 18. cxd5 Qe7 19. Rhe1 Ng8 20. dxe6 Rxe6 21. Qd3 h6 22. Rxe6 fxe6 23. Qg6+ Kf8 24. Kb1 Nc5 25. Rg1 Qf7 26. Bg7+ Ke8 27. Bxh6 Nxh6 28. Qxh6 Qxf3 29. Qh7 Nd7 0-1

[Event "Wattens op 10th"]
[Site "Wattens"]
[Date "1995.??.??"]
[Round "?"]
[White "Klee, Charlotte"]
[Black "Martic, Mato"]
[Result "0-1"]
[WhiteElo "1645"]
[BlackElo "1845"]
[PlyCount "84"]
[EventDate "1995.??.??"]
[EventType "swiss"]
[EventRounds "9"]
[EventCountry "AUT"]
[SourceTitle "EXT 2000"]
[Source "ChessBase"]
[SourceDate "1999.11.16"]
[SourceVersion "1"]
[SourceVersionDate "1999.11.16"]
[SourceQuality "1"]

1. e4 d6 2. g3 e5 3. Bg2 Nc6 4. Nf3 Bg4 5. c3 Qe7 6. 0-0 0-0-0 7. d3 h5 8. h3 Bd7 9. b4 f6 10. a4 g5 11. a5 Qg7 12. Nh2 h4 13. g4 Nge7 14. b5 Nb8 15. b6 cxb6 16. axb6 a6 17. Na3 Ng6 18. Nc4 Bc6 19. d4 d5 20. Na5 exd4 21. cxd4 Bd6 22. Nxc6 Nxc6 23. exd5 Nb4 24. Ba3 Kb8 25. Qb3 a5 26. Bb2 Nf4 27. Rxa5 Rhe8 28. Rfa1 Na6 29. Bf1 Ne2+ 30. Bxe2 Rxe2 31. Qb5 Bxh2+ 32. Kxh2 Qe7 33. Kg1 Re1+ 34. Rxe1 Qxe1+ 35. Kg2 Qe4+ 36. f3 Qe1 37. Ra3 Re8 38. Ra1 Re2+ 39. Qxe2 Qxe2+ 40. Kg1 Qxb2 41. Re1 Qxd4+ 42. Kh1 Qxb6 0-1

[Event "Wattens op 10th"]
[Site "Wattens"]
[Date "1995.??.??"]
[Round "?"]
[White "Martic, Mato"]
[Black "Baur, Helmut"]
[Result "1/2-1/2"]
[WhiteElo "1845"]
[BlackElo "1650"]
[PlyCount "72"]
[EventDate "1995.??.??"]
[EventType "swiss"]
[EventRounds "9"]
[EventCountry "AUT"]
[SourceTitle "EXT 2000"]
[Source "ChessBase"]
[SourceDate "1999.11.16"]
[SourceVersion "1"]
[SourceVersionDate "1999.11.16"]
[SourceQuality "1"]

1. e4 c5 2. Nf3 e6 3. b3 Nc6 4. Bb2 d6 5. d4 cxd4 6. Nxd4 Nf6 7. Nd2 a6 8. Be2 Be7 9. 0-0 0-0 10. c4 Nxd4 11. Bxd4 Bd7 12. Qc2 Rc8 13. Qb2 Bc6 14. Rfd1 e5 15. Bc3 Ne8 16. c5 f6 17. Bg4 Rc7 18. Be6+ Kh8 19. Nc4 Bxe4 20. Ba5 d5 21. b4 d4 22. Nd2 Bd5 23. Bxd5 Qxd5 24. Bxc7 Nxc7 25. a4 f5 26. Qb3 Qc6 27. Nc4 Qf6 28. Na5 Rb8 29. Rac1 Ne6 30. c6 b6 31. Nc4 b5 32. Nd2 Bd8 33. a5 Bc7 34. Qf3 Nf4 35. g3 e4 36. Nxe4 fxe4 1/2-1/2

[Event "Wattens op 10th"]
[Site "Wattens"]
[Date "1995.??.??"]
[Round "?"]
[White "Martic, Mato"]
[Black "Maurer, Jochen"]
[Result "1-0"]
[WhiteElo "1845"]
[BlackElo "1910"]
[PlyCount "95"]
[EventDate "1995.??.??"]
[EventType "swiss"]
[EventRounds "9"]
[EventCountry "AUT"]
[SourceTitle "EXT 2000"]
[Source "ChessBase"]
[SourceDate "1999.11.16"]
[SourceVersion "1"]
[SourceVersionDate "1999.11.16"]
[SourceQuality "1"]

1. e4 c5 2. Nf3 d6 3. d4 cxd4 4. Nxd4 Nf6 5. Nc3 a6 6. Be3 e5 7. Nb3 Be7 8. Be2 Be6 9. Nd5 Nxd5 10. exd5 Bf5 11. 0-0 Nd7 12. c4 0-0 13. a4 Bg6 14. a5 f5 15. f4 Bf6 16. fxe5 Bxe5 17. Bd4 Qh4 18. Bxe5 Nxe5 19. Nd4 f4 20. Ra3 Be4 21. Bf3 Bxf3 22. Nxf3 Nxf3+ 23. Raxf3 Rae8 24. Qd3 Re1 25. Rh3 Rxf1+ 26. Kxf1 Qf6 27. Qxh7+ Kf7 28. Rb3 Rb8 29. Qe4 Kg8 30. Qe6+ Qxe6 31. dxe6 Kf8 32. Rb6 Ke7 33. Kf2 Rc8 34. Rxb7+ Kxe6 35. b3 Rc5 36. Rxg7 Rxa5 37. Kf3 Rh5 38. h3 Ke5 39. Rf7 Kd4 40. Kxf4 Kc3 41. Rb7 d5 42. cxd5 Rxd5 43. g4 a5 44. g5 Rd4+ 45. Kg3 Rd3+ 46. Kg4 Rd4+ 47. Kh5 Rd5 48. h4 1-0

[Event "Wattens op 10th"]
[Site "Wattens"]
[Date "1995.??.??"]
[Round "?"]
[White "Martic, Mato"]
[Black "Uhlmann, Wolfgang"]
[Result "0-1"]
[WhiteElo "1845"]
[BlackElo "2490"]
[PlyCount "84"]
[EventDate "1995.??.??"]
[EventType "swiss"]
[EventRounds "9"]
[EventCountry "AUT"]
[SourceTitle "EXT 2000"]
[Source "ChessBase"]
[SourceDate "1999.11.16"]
[SourceVersion "1"]
[SourceVersionDate "1999.11.16"]
[SourceQuality "1"]

1. e4 e6 2. d4 d5 3. Nc3 Bb4 4. a3 Bxc3+ 5. bxc3 dxe4 6. Qg4 Nf6 7. Qxg7 Rg8 8. Qh6 Rg6 9. Qe3 b6 10. Ne2 Bb7 11. h3 Nbd7 12. Nf4 Rg8 13. Bb2 Qe7 14. 0-0-0 0-0-0 15. c4 e5 16. dxe5 Nxe5 17. Be2 Kb8 18. Rxd8+ Rxd8 19. Qc3 Re8 20. c5 Qxc5 21. Qxc5 bxc5 22. Bb5 c6 23. Ba4 Nfd7 24. Rd1 c4 25. Bxe5+ Nxe5 26. Rd4 f5 27. Rd6 Re7 28. Rf6 Nd7 29. Rxf5 Nb6 30. Ra5 e3 31. fxe3 Rxe3 32. Kb2 Re4 33. g3 Re3 34. Nh5 c3+ 35. Ka2 c5 36. Bb3 c4 37. Ba4 Re2 38. Nf4 Rd2 39. Ne6 Nxa4 40. Rxa4 Rxc2+ 41. Ka1 Rd2 42. Nc5 Rd1+ 0-1